Normal view
MARC view
- Filev, Dimitar P.,
Entry Personal Name
001 - CONTROL NUMBER
- control field: 93890
003 - CONTROL NUMBER IDENTIFIER
- control field: NUST
005 - DATE AND TIME OF LATEST TRANSACTION
- control field: 20220719182326.0
008 - FIXED-LENGTH DATA ELEMENTS
- fixed length control field: 220719|| aca||aabn | a|a d
040 ## - CATALOGING SOURCE
- Original cataloging agency: NUST
- Transcribing agency: NUST
100 ## - HEADING--PERSONAL NAME
- Personal name: Filev, Dimitar P.,
- Dates associated with a name: 1959-
670 ## - SOURCE DATA FOUND
- Source citation: Work cat.: (NUST)176772: Yager, Ronald R., 93889, Essentials of fuzzy modeling and control /, c1994.
